[Event "Montreal Pere Noel op"]
[Site "Montreal"]
[Date "2024.12.27"]
[Round "1"]
[White "Guillemette, Thomas"]
[Black "Duong, Thanh Nha"]
[Result "0-1"]
[WhiteElo "1827"]
[BlackElo "2177"]
[PlyCount "72"]
[EventDate "2024.12.27"]
[EventType "swiss"]
[EventRounds "5"]
[EventCountry "CAN"]
[SourceTitle "CB04_2025"]
[SourceDate "2025.01.22"]
[SourceVersion "1"]
[SourceVersionDate "2025.01.22"]
[SourceQuality "1"]

1. e4 e5 2. Nf3 Nf6 3. Nxe5 d6 4. Nf3 Nxe4 5. d4 d5 6. Bd3 Bd6 7. 0-0 0-0 8. Re1 Re8 9. c4 c6 10. Nc3 Nxc3 11. bxc3 dxc4 12. Bxc4 Rxe1+ 13. Qxe1 Bf5 14. Ne5 Bxe5 15. Qxe5 Bg6 16. Bg5 Nd7 17. Qe3 Qa5 18. Re1 h6 19. Bf4 Nf6 20. Qf3 Nd5 21. Bd2 Rd8 22. Re5 Bb1 23. Bxd5 cxd5 24. Re7 Bg6 25. Rxb7 Qxa2 26. Qe3 Qa1+ 27. Qe1 Qxe1+ 28. Bxe1 Re8 29. Bd2 Re2 30. Rb2 a5 31. g3 a4 32. Kg2 Be4+ 33. Kf1 Bd3 34. Kg2 a3 35. Ra2 Bb1 36. Rxa3 Be4+ 0-1

[Event "Montreal op"]
[Site "Montreal"]
[Date "2024.09.14"]
[Round "3"]
[White "Guillemette, Thomas"]
[Black "Sanders, Marcus"]
[Result "1-0"]
[WhiteElo "1881"]
[BlackElo "1787"]
[PlyCount "103"]
[EventDate "2024.09.13"]
[EventType "swiss"]
[EventRounds "5"]
[EventCountry "CAN"]
[SourceTitle "EXT 2025"]
[Source "ChessBase"]
[SourceDate "2024.10.14"]
[SourceVersion "1"]
[SourceVersionDate "2024.10.14"]
[SourceQuality "1"]

1. e4 e6 2. d4 d5 3. Nd2 c5 4. exd5 Qxd5 5. Ngf3 cxd4 6. g3 Nf6 7. Bg2 Nc6 8. 0-0 Be7 9. Nb3 Qc4 10. Nfxd4 Nxd4 11. Nxd4 0-0 12. c3 Rd8 13. Qb3 Qxb3 14. axb3 Nd5 15. Re1 a5 16. Nb5 Bc5 17. Bxd5 exd5 18. Nc7 Ra7 19. Rd1 Bf5 20. Rxd5 Rxd5 21. Nxd5 Bc2 22. b4 axb4 23. Rxa7 Bxa7 24. Nxb4 Be4 25. Be3 Bb8 26. Bc5 f5 27. Kf1 g5 28. Ke2 g4 29. Ke3 Be5 30. Nd3 Bc7 31. c4 Kf7 32. Bd4 Bf3 33. Be5 Bb6+ 34. c5 Ba7 35. Bc7 Be4 36. b4 Ke6 37. Nf4+ Kd7 38. Bd6 b6 39. Kd4 bxc5+ 40. bxc5 Ke8 41. Ne2 Kf7 42. Nc3 Bc6 43. Ke5 Kg6 44. Nd5 Bd7 45. Ne7+ Kg5 46. Kd5 Kf6 47. Nc6 Bxc6+ 48. Kxc6 Ke6 49. Kb7 Bxc5 50. Bxc5 Kd5 51. Be3 h5 52. Kc7 1-0

[Event "Montreal Pere Noel op"]
[Site "Montreal"]
[Date "2023.12.29"]
[Round "3"]
[White "Guillemette, Thomas"]
[Black "Kot, Emanuel"]
[Result "0-1"]
[WhiteElo "1812"]
[BlackElo "2033"]
[PlyCount "66"]
[EventDate "2023.12.27"]
[EventType "swiss"]
[EventRounds "5"]
[EventCountry "CAN"]
[SourceTitle "CBM 218 Extra"]
[Source "ChessBase"]
[SourceDate "2024.03.31"]
[SourceVersion "1"]
[SourceVersionDate "2024.03.31"]
[SourceQuality "1"]

1. e4 e5 2. Nf3 Nc6 3. Bc4 Bc5 4. c3 Nf6 5. d4 exd4 6. e5 d5 7. Bb5 Ne4 8. cxd4 Bb6 9. Nc3 0-0 10. Be3 Bg4 11. Be2 Ne7 12. Qc2 Bf5 13. Bd3 Nc6 14. Bxe4 dxe4 15. Nxe4 Ba5+ 16. Kf1 Bg6 17. h4 Qd5 18. Nfg5 Nb4 19. Qc5 Bxe4 20. Nxe4 Qxe4 21. Qxa5 Qd3+ 22. Kg1 Nc2 23. Rc1 Nxe3 24. Rh3 b6 25. Qa4 Qd2 26. Rxc7 Qe1+ 27. Kh2 Nf1+ 28. Kg1 Ng3+ 29. Kh2 Ne2 30. Re3 Qg1+ 31. Kh3 Qh1+ 32. Kg4 Qxg2+ 33. Kf5 Qg6# 0-1